00584 a2200193 45000010006000000050017000060080041000230030015000640400040000790800035001192450046001542640032002003000019002325050071002510410008003221000028003306500015003586500017003733901920260407155649.0260407a1972 arg spa dAR-UNSa-BCEJYS aAR-UNSa-BCEJYSbspacAR-UNSa-BCEJYS a347.72xSociedades comerciales10aLey de Sociedades ComercialespNº 19.550 1aBuenos Aires :bOrbirc1972 a154 p.c20 cm. a1. Exposición de motivos - 2. Ley 19.550. Sociedades Comerciales aspa1 aArgentina [Leyes, etc.] aLey 19.550 a ley 19 550